Power of 360 degree feedback : the India way for leadership effectiveness (Record no. 278073)

MARC details
000 -LEADER
fixed length control field 00493nam a2200169Ia 4500
005 - DATE AND TIME OF LATEST TRANSACTION
control field 20241029145239.0
008 - FIXED-LENGTH DATA ELEMENTS--GENERAL INFORMATION
fixed length control field 240126s9999 xx 000 0 und d
020 ## - INTERNATIONAL STANDARD BOOK NUMBER
International Standard Book Number 9788132117919
082 ## - DEWEY DECIMAL CLASSIFICATION NUMBER
Classification number 658.4013 RAO;1
100 ## - MAIN ENTRY--PERSONAL NAME
Personal name Rao, T V. Rao, Raju.
245 #0 - TITLE STATEMENT
Title Power of 360 degree feedback : the India way for leadership effectiveness
260 ## - PUBLICATION, DISTRIBUTION, ETC. (IMPRINT)
Name of publisher, distributor, etc. Sage
Place of publication, distribution, etc. New Delhi
Date of publication, distribution, etc. 2014
300 ## - PHYSICAL DESCRIPTION
Extent 157
440 ## - SERIES STATEMENT/ADDED ENTRY--TITLE
Title NULL
650 ## - SUBJECT ADDED ENTRY--TOPICAL TERM
Topical term or geographic name as entry element 360,degree,feedback,India,leadership,effectiveness
942 ## - ADDED ENTRY ELEMENTS (KOHA)
Koha item type PESU Books
Holdings
Date last seen Total Checkouts Full call number Accession number Old discount Volume/Issue Number Cost, replacement price Price effective from Category Lost status Damaged status Department Withdrawn status bill no. Permanent Location Current Location Shelving location Entry date Vendor Cost, normal purchase price Grants Currency symbol Conversion rate Discount Discount type
26/01/2024   658.4013 RAO;1 PU4760 28 (06/07/1905) 378.00 26/01/2024 PESU Books     MBA   89 Central Library Central Library MBA 24/05/2016 Surya Book Supplier 525.00 MBA RS 1 147 Rupees

© For any Suggestions or Query, please contact the library staff @ librarian@pes.edu or Phone: +9180 2672 1983/ 2108.